书目信息 |
| 书名: | MADONNA | |
| 作者: | ANDREW MORTON | |
| 分册号: | ||
| 分册名: | 出版地: | New York |
|
| 出版社: | St Martin's Press | |
| 出版时间: | 2001 | |
| 页数: | 256p | |
| 开本: | 23cm | |
| 丛书名: | ||
| 中图分类号: | ||
| 科图分类号: | ||
| 其他分类号: | K837.125 | |
| 主题词: | ||
| 电子资源: | ||
| 000 | 00489nam0 2200193 450 | |
| 001 | 052012177806 | |
| 005 | 20121107161042.0 | |
| 008 | 20021229d1997 em y0chiy0121 ea | |
| 020 | @a0-312-28786-0@bhard@c$24.95 | |
| 041 | @aeng | |
| 091 | @aK837.125.76 | |
| 099 | @dK837.125@eA563 | |
| 100 | @aANDREW MORTON | |
| 245 | 10 | @aMADONNA @cANDREW MORTON |
| 260 | @aNew York@bSt Martin's Press@c2001 | |
| 300 | @a256p@c23cm | |
| 521 | @aMADONNA | |
| 905 | @b008669-70 | |
| 905 | @aTSG@dK837.125@eA563 | |
| MADONNA / ANDREW MORTON.-New York : St Martin's Press , 2001 |
| 256p ; 23cm |
| MADONNA |
| ISBN 0-312-28786-0hard$24.95 |
| ● |
| 相关链接 |
|
|
|
正题名:MADONNA
索取号:K837.125/A563
 
预约/预借
| 序号 | 登录号 | 条形码 | 馆藏地/架位号 | 状态 | 备注 |
| 1 | 8669 | 300086699 | 社科库309/309社科库 993排2列3层/ [索取号:K837.125/A563] | 在馆 | |
| 2 | 8670 | 300086706 | 社科库309/309社科库 993排2列3层/ [索取号:K837.125/A563] | 在馆 |